• 首页
  • 本馆介绍
  • 公告通知
  • 最新文献
  • 馆藏检索
  • 电子资源
  • 读者导购
  • 参考咨询
  • 我的图书馆
  • 登录
  • 详细信息显示
  • 放入我的书架
  • 预约/预借图书
  • 作者相关作品
  • 分类相关作品
  • 丛书相关作品
  • 出版社相关作品

书目信息

  • 表格格式
  • 工作单格式
  • 卡片格式
题名:
中国常见植物野外识别手册
    
 
作者: 马克平 主编 ;刘冰 著
分册:   山东册
出版信息: 北京   高等教育出版社  2009
页数: 379页
开本: 19cm
丛书名:
单 册:
中图分类: Q948.52-62 , Q948.525.2-62
科图分类:
主题词: 植物--识别--中国--手册 , 植物--识别--山东--手册 , 植物
电子资源:
ISBN: 978-7-04-027480-6
000 01050nam0 2200289 45
001 1132103546
005 20110314093048.89
010    @a978-7-04-027480-6@dCNY36.00
100    @a20110122d2009 em y0chiy50 ea
101 0  @achi
102    @aCN@b110000
105    @aa z 000yy
106    @ar
200 1  @a中国常见植物野外识别手册@AZhong Guo Chang Jian Zhi Wu Ye Wai Shi Bie Shou Ce@i山东册@IShan Dong Ce@dField guide to wild plants of China,shandong@f马克平主编@FMa Ke Ping Zhu Bian@g刘冰著@zeng
210    @a北京@c高等教育出版社@d2009
215    @a379页@c彩图@d19cm
330    @a本书介绍了山东野生维管植物711个分类群(含665种,10亚种,36变种),约占野生种类总数的一半。
510 1  @aField guide to wild plants of China@iShandong@zeng
606 0  @a植物@x识别@y中国@j手册
606 0  @a植物@x识别@y山东@j手册
606 0  @a植物
690    @aQ948.52-62@v4
690    @aQ948.525.2-62@v4
701  0 @a马克平@AMa Ke Ping@4主编
702  0 @a刘冰@ALiu Bing@4著
801  0 @aCN@bTANGWEI@c20110314
905    @b0532656-58@dQ948.52-62@e195@f3
    
    中国常见植物野外识别手册.山东册=Field guide to wild plants of China,shandong/马克平主编/刘冰著.-北京:高等教育出版社,2009
    379页:彩图;19cm
    
    
    ISBN 978-7-04-027480-6:CNY36.00
    本书介绍了山东野生维管植物711个分类群(含665种,10亚种,36变种),约占野生种类总数的一半。
●
相关链接 在E读中查询图书 在五车中查询图书 在当当中查询图书 在豆瓣中查询图书


正题名:中国常见植物野外识别手册     索取号:Q948.52-62/195         预约/预借

序号 登录号 条形码 馆藏地/架位号 状态 备注
1 0532656   205326565   第二样本阅览室/ [索取号:Q948.52-62/195] 在馆    
2 0532657   205326574   密集书库-生命科学系/ [索取号:Q948.52-62/195] 在馆    
3 0532658   205326583   第三借阅区/ [索取号:Q948.52-62/195] 在馆    
唐山师范学院图书馆 欢迎您!
大连网信软件有限公司© 版权所有